LEADER 00941nam a2200229 i 4500 001 000000170430 003 CaOOAMICUS 005 20080326000000.0 008 080326n it u000 u fre u 013 $a147841 040 $aSeMil$bita 100 1 $aBordeaux, Henry.$0(OLS)http://semarc/name/35882 245 12$aL'amour qui passe :$b(La voie sans retour) /$cHenry Bordeaux ; Illustrations d'après les aquarelles de M. Marodon. 260 $aParis :$bFayard,$c199[?] 300 $a123 p. :$bill. ;$c24 cm. 490 0 $aModern - Bibliotèques 700 1 $aMarodon, M.$0(OLS)http://semarc/name/63776 830 0$aModern-Bibliothèque.$0(OLS)http://semarc/title/25426 850 $aSeMil 852 $aSeMil$W1$xVenegono$y1$m1V VI 25$j121317$B121317$CSeMilBibl$Z2$F132673 $81 996 $6245$aL'amour qui passe :$b(La voie sans retour)$9(OLS)http://semarc/title/243753 996 $6260$aParis :$bFayard$9(OLS)http://semarc/publisher/29821 LEADER 00487nab a2200157 i 4500 001 000000337717 003 CaOOAMICUS 005 20191104130345.0 008 191104s2015 xx uu u0 0und r 013 $a38591 040 $aSeMil$bita 245 10$aIn questo mondo a rischio : Quale Chiesa? . 500 $aFebbraio 2015 773 0 $t[2015 : 107- ] .$d[S.l. : s.n.], 2015$w()337716 996 $6245$aIn questo mondo a rischio : Quale Chiesa? $9(OLS)http://semarc/title/426674